[Event "Liga Vasca 2009 - 1D"]
[Site "País Vasco ESP"]
[Date "2009.03.07"]
[Round "8.52"]
[White "Martin Echeandia, Ibon"]
[Black "Miguel Quintero, Antonio"]
[Result "1-0"]
[WhiteElo "2225"]
[BlackElo "2184"]
[PlyCount "89"]
[EventDate "2009.01.10"]
[EventType "team"]
[EventRounds "9"]
[EventCountry "ESP"]
[Source "lmi"]
[SourceDate "2009.01.10"]
[WhiteTeam "España"]
[BlackTeam "España"]
[WhiteTeamCountry "ESP"]
[BlackTeamCountry "ESP"]

1. e4 g6 2. d4 Bg7 3. Nc3 d6 4. Be3 Nf6 5. f3 O-O 6. Qd2 e5 7. Nge2 exd4 8.
Nxd4 Nc6 9. O-O-O Be6 10. h4 Nxd4 11. Bxd4 c5 12. Be3 Qa5 13. Kb1 Nh5 14. Nd5
Qxd2 15. Rxd2 b6 16. Bc4 Rfd8 17. Bg5 Ng3 18. Rhd1 Re8 19. Bb5 Bxd5 20. Bxe8
Rxe8 21. Rxd5 f5 22. Rxd6 fxe4 23. Rd8 Rxd8 24. Rxd8+ Kf7 25. Rd7+ Kg8 26. fxe4
Nxe4 27. Rxa7 h6 28. Be3 Nd6 29. Ra8+ Kf7 30. Rb8 Nc4 31. Bc1 Bd4 32. b3 Nd6
33. Rxb6 Ne4 34. Bb2 Bf2 35. h5 gxh5 36. Rxh6 h4 37. a4 Ke7 38. a5 c4 39. a6 c3
40. Ba3+ Kd8 41. Rxh4 Nd2+ 42. Ka2 Kc7 43. Rh7+ Kb8 44. g4 Nf3 45. Rf7 1-0

[Event "Liga Vasca 2009 - 1D"]
[Site "País Vasco ESP"]
[Date "2009.03.07"]
[Round "8.53"]
[White "Alcaide Luque, Aitor"]
[Black "Prieto Aranguren, Alain"]
[Result "1-0"]
[WhiteElo "2108"]
[BlackElo "2168"]
[PlyCount "87"]
[EventDate "2009.01.10"]
[EventType "team"]
[EventRounds "9"]
[EventCountry "ESP"]
[Source "lmi"]
[SourceDate "2009.01.10"]
[WhiteTeam "España"]
[BlackTeam "España"]
[WhiteTeamCountry "ESP"]
[BlackTeamCountry "ESP"]

1. d4 Nf6 2. Bg5 c5 3. d5 Qb6 4. Nc3 d6 5. e4 Nbd7 6. Rb1 g6 7. Nf3 Bg7 8. Be2
O-O 9. O-O a6 10. h3 Qc7 11. a4 Rb8 12. Qd2 Qa5 13. Rfe1 Re8 14. Ra1 Ne5 15.
Nxe5 dxe5 16. Qd3 Bd7 17. Qg3 Qc7 18. a5 h6 19. Bd2 e6 20. Bc4 Rbd8 21. Qf3 Kh7
22. g4 Bc8 23. Rad1 exd5 24. exd5 Re7 25. g5 Ne8 26. gxh6 Bxh6 27. d6 Rxd6 28.
Nd5 Rxd5 29. Bxd5 Bxd2 30. Rxd2 Qxa5 31. Rde2 Qc7 32. Qg3 f6 33. f4 c4 34. Qh4+
Kg7 35. fxe5 fxe5 36. Qxc4 Qb6+ 37. Kh2 Nd6 38. Qc3 Kh7 39. Rxe5 Qf2+ 40. Bg2
Rxe5 41. Qxe5 Nf7 42. Qg3 Qxc2 43. Re7 Qf5 44. Qf3 1-0

[Event "Liga Vasca 2009 - 1D"]
[Site "País Vasco ESP"]
[Date "2009.03.07"]
[Round "8.54"]
[White "Garitaonaindia Areitio, Iker"]
[Black "Alcaide Rodriguez, Mikel"]
[Result "1/2-1/2"]
[WhiteElo "1896"]
[BlackElo "1741"]
[PlyCount "104"]
[EventDate "2009.01.10"]
[EventType "team"]
[EventRounds "9"]
[EventCountry "ESP"]
[Source "lmi"]
[SourceDate "2009.01.10"]
[WhiteTeam "España"]
[BlackTeam "España"]
[WhiteTeamCountry "ESP"]
[BlackTeamCountry "ESP"]

1. e4 c5 2. Nc3 Nc6 3. g3 g6 4. Bg2 Bg7 5. Nge2 e6 6. O-O Nge7 7. d3 O-O 8. Be3
d6 9. Qd2 Nd4 10. Rab1 Nec6 11. a3 Nxe2+ 12. Nxe2 a5 13. Bh6 Rb8 14. Bxg7 Kxg7
15. c3 a4 16. d4 Na5 17. dxc5 dxc5 18. Qf4 Bd7 19. Qe5+ Kg8 20. Qxc5 Nb3 21.
Qe3 e5 22. Rfd1 Qc7 23. Nc1 Be6 24. Nd3 Rbd8 25. Nb4 f5 26. Nd5 Qc5 27. Qg5
Bxd5 28. Rxd5 Rxd5 29. exd5 e4 30. Rd1 Qb6 31. Qe3 Qxe3 32. fxe3 Rd8 33. Bf1
Rd6 34. Bb5 Nc5 35. Rd4 Kf7 36. Kf2 Ke7 37. Bxa4 Nd3+ 38. Ke2 Nc1+ 39. Kd2 Nd3
40. Bb5 Ne5 41. Be2 Rb6 42. b4 Rf6 43. c4 Ra6 44. c5 Rxa3 45. b5 Ra2+ 46. Ke1
Ra1+ 47. Rd1 Ra3 48. d6+ Kd7 49. Rd5 Nf7 50. Kd2 Ra2+ 51. Ke1 Ra3 52. Kd2 Ra2+
1/2-1/2

[Event "Liga Vasca 2009 - 1D"]
[Site "País Vasco ESP"]
[Date "2009.03.14"]
[Round "9.11"]
[White "Galzagorri Uli, Yeray"]
[Black "Ugalde Ezcurra, Jose Miguel"]
[Result "0-1"]
[WhiteElo "2244"]
[BlackElo "2166"]
[PlyCount "68"]
[EventDate "2009.01.10"]
[EventType "team"]
[EventRounds "9"]
[EventCountry "ESP"]
[Source "lmi"]
[SourceDate "2009.01.10"]
[WhiteTeam "España"]
[BlackTeam "España"]
[WhiteTeamCountry "ESP"]
[BlackTeamCountry "ESP"]

1. e4 c5 2. Nc3 Nc6 3. Nge2 d6 4. d4 cxd4 5. Nxd4 Nf6 6. Bg5 e6 7. Qd2 a6 8.
O-O-O Bd7 9. f3 Be7 10. h4 h6 11. Be3 h5 12. Bg5 Ne5 13. Be2 Rc8 14. f4 Nc4 15.
Bxc4 Rxc4 16. e5 dxe5 17. fxe5 Ng4 18. Ne4 f6 19. exf6 gxf6 20. Nxf6+ Bxf6 21.
Nxe6 Qc8 22. Bxf6 Nxf6 23. Rhf1 Ne4 24. Ng7+ Ke7 25. Qd5 Be6 26. Nxe6 Qxe6 27.
Qxb7+ Ke8 28. Rde1 Rg8 29. Rf4 Rg4 30. Qa8+ Kd7 31. Rd1+ Nd6 32. Rf8 Rxc2+ 33.
Kxc2 Qe2+ 34. Kc3 Rc4+ 0-1

[Event "Liga Vasca 2009 - 1D"]
[Site "País Vasco ESP"]
[Date "2009.03.14"]
[Round "9.12"]
[White "Montoya Irigoyen, Iñigo"]
[Black "Martin Echeandia, Ibon"]
[Result "1-0"]
[WhiteElo "2065"]
[BlackElo "2225"]
[PlyCount "103"]
[EventDate "2009.01.10"]
[EventType "team"]
[EventRounds "9"]
[EventCountry "ESP"]
[Source "lmi"]
[SourceDate "2009.01.10"]
[WhiteTeam "España"]
[BlackTeam "España"]
[WhiteTeamCountry "ESP"]
[BlackTeamCountry "ESP"]

1. c4 f5 2. Nc3 Nf6 3. Nf3 g6 4. g3 Bg7 5. Bg2 O-O 6. O-O d6 7. Rb1 e5 8. d3
Nc6 9. b4 h6 10. b5 Ne7 11. Qb3 g5 12. c5+ Kh8 13. Ba3 Ng6 14. cxd6 cxd6 15.
Nd2 Re8 16. Nc4 Bf8 17. Nd5 Nxd5 18. Bxd5 Qf6 19. Rbc1 Rb8 20. Bb4 Be6 21. Bg2
d5 22. Na5 d4 23. Qa3 Bxb4 24. Qxb4 Bxa2 25. Nxb7 e4 26. Nc5 Qd6 27. Qa3 Bd5
28. Qxa7 Rxb5 29. Nd7 Bc6 30. Nb6 Ne5 31. Nc4 Nxc4 32. Rxc4 Rb4 33. Rfc1 Rxc4
34. Rxc4 Rd8 35. Qb6 exd3 36. Rxc6 dxe2 37. Rxd6 e1=Q+ 38. Bf1 Rxd6 39. Qxd6
Kg7 40. Qxd4+ Kg6 41. Qe3 Qb1 42. Kg2 g4 43. Bd3 Qb7+ 44. Kg1 Qc6 45. Qd4 Qc1+
46. Bf1 h5 47. h4 gxh3 48. Qh4 f4 49. gxf4 Kf5 50. Qxh5+ Ke4 51. Qe5+ Kf3 52.
Qe3+ 1-0

[Event "Liga Vasca 2009 - 1D"]
[Site "País Vasco ESP"]
[Date "2009.03.14"]
[Round "9.13"]
[White "Prieto Aranguren, Alain"]
[Black "Unanua Garcia, Pedro"]
[Result "1/2-1/2"]
[WhiteElo "2168"]
[BlackElo "2100"]
[PlyCount "92"]
[EventDate "2009.01.10"]
[EventType "team"]
[EventRounds "9"]
[EventCountry "ESP"]
[Source "lmi"]
[SourceDate "2009.01.10"]
[WhiteTeam "España"]
[BlackTeam "España"]
[WhiteTeamCountry "ESP"]
[BlackTeamCountry "ESP"]

1. d4 Nf6 2. c4 e5 3. dxe5 Ng4 4. e3 Nxe5 5. Nh3 Bb4+ 6. Bd2 Nbc6 7. Nf4 d6 8.
Be2 Bf5 9. O-O Qd7 10. Nc3 a5 11. Nfd5 Bxc3 12. Bxc3 Ne7 13. f3 O-O 14. e4 Be6
15. f4 N5c6 16. Nxe7+ Qxe7 17. f5 Bd7 18. f6 Qxe4 19. fxg7 Rfe8 20. Bd3 Qe3+
21. Kh1 Ne5 22. Bxe5 Rxe5 23. Rf3 Qh6 24. Qc2 Rae8 25. Qf2 R8e7 26. Rf1 Qxg7
27. Qh4 h6 28. h3 Rg5 29. Be4 Rxe4 30. Qxe4 Bc6 31. Qe2 Bxf3 32. Rxf3 Re5 33.
Qf2 Re6 34. Rg3 Rg6 35. Re3 Re6 36. Rg3 Rg6 37. Rb3 b6 38. Re3 Re6 39. Rg3 Rg6
40. Rf3 Re6 41. Rf4 Kf8 42. Rg4 Qe5 43. Qf3 Qe1+ 44. Kh2 Qe5+ 45. Kh1 Qe1+ 46.
Kh2 Qe5+ 1/2-1/2

[Event "Liga Vasca 2009 - 1D"]
[Site "País Vasco ESP"]
[Date "2009.03.14"]
[Round "9.21"]
[White "Prie, Eric"]
[Black "Miguel Quintero, Francisco"]
[Result "1/2-1/2"]
[WhiteElo "2489"]
[BlackElo "2274"]
[PlyCount "81"]
[EventDate "2009.01.10"]
[EventType "team"]
[EventRounds "9"]
[EventCountry "ESP"]
[Source "lmi"]
[SourceDate "2009.01.10"]
[WhiteTeam "España"]
[BlackTeam "España"]
[WhiteTeamCountry "ESP"]
[BlackTeamCountry "ESP"]

1. d4 g6 2. e4 Bg7 3. f4 d6 4. Nf3 Nf6 5. e5 Nd5 6. Bc4 c6 7. O-O O-O 8. Nc3
dxe5 9. fxe5 Bg4 10. h3 Bf5 11. Ng5 h6 12. g4 Bc8 13. Nge4 Be6 14. Nc5 Nxc3 15.
Nxe6 Nxd1 16. Nxd8 Rxd8 17. Bxf7+ Kh7 18. Rxd1 Bxe5 19. c3 Bf6 20. Bf4 Nd7 21.
Bc7 Rdc8 22. Bg3 Rd8 23. Re1 Nf8 24. Re2 Rd7 25. Rf1 Kg7 26. Bb3 g5 27. a4 Ng6
28. a5 a6 29. Be6 Rdd8 30. Kg2 Nf8 31. Bc4 Ng6 32. Rff2 Rh8 33. d5 Rac8 34. Re6
cxd5 35. Bxd5 Rc5 36. Bxb7 Rxa5 37. Bxa6 Nf4+ 38. Bxf4 gxf4 39. Rxf4 Rb8 40. b4
Ra2+ 41. Kg3 1/2-1/2

[Event "Liga Vasca 2009 - 1D"]
[Site "País Vasco ESP"]
[Date "2009.03.14"]
[Round "9.22"]
[White "Miguel Quintero, Antonio"]
[Black "Libiszewski, Fabien"]
[Result "0-1"]
[WhiteElo "2184"]
[BlackElo "2481"]
[PlyCount "62"]
[EventDate "2009.01.10"]
[EventType "team"]
[EventRounds "9"]
[EventCountry "ESP"]
[Source "lmi"]
[SourceDate "2009.01.10"]
[WhiteTeam "España"]
[BlackTeam "España"]
[WhiteTeamCountry "ESP"]
[BlackTeamCountry "ESP"]

1. e4 c5 2. c3 Nf6 3. e5 Nd5 4. Bc4 Nb6 5. Bb3 c4 6. Bc2 Nc6 7. Nf3 Qc7 8. Qe2
g5 9. Nxg5 Qxe5 10. d4 cxd3 11. Bxd3 Qxe2+ 12. Bxe2 h6 13. Nf3 d5 14. Na3 a6
15. Be3 Na4 16. O-O-O e6 17. Nc2 Bg7 18. Ncd4 e5 19. Nb3 Be6 20. Nc5 Nxc5 21.
Bxc5 O-O-O 22. Kb1 Kb8 23. Nd2 Bf5+ 24. Ka1 d4 25. cxd4 Nxd4 26. Bxd4 exd4 27.
Bf3 Bc2 28. Rde1 Rhe8 29. Bd1 Bxd1 30. Rxd1 Re2 31. Rhe1 d3 0-1

[Event "Liga Vasca 2009 - 1D"]
[Site "País Vasco ESP"]
[Date "2009.03.14"]
[Round "9.24"]
[White "Alcaide Rodriguez, Mikel"]
[Black "Segovia Sanchez, Antonio"]
[Result "0-1"]
[WhiteElo "1741"]
[BlackElo "2013"]
[PlyCount "70"]
[EventDate "2009.01.10"]
[EventType "team"]
[EventRounds "9"]
[EventCountry "ESP"]
[Source "lmi"]
[SourceDate "2009.01.10"]
[WhiteTeam "España"]
[BlackTeam "España"]
[WhiteTeamCountry "ESP"]
[BlackTeamCountry "ESP"]

1. d4 d5 2. c4 c6 3. Nf3 Nf6 4. cxd5 cxd5 5. Qc2 Nc6 6. Bg5 Ne4 7. Bf4 e6 8.
Nc3 Qa5 9. a3 Bd7 10. Rc1 Rc8 11. Bd2 Nxd2 12. Qxd2 Bd6 13. e3 O-O 14. Bd3 f5
15. O-O Qd8 16. Ne1 f4 17. Ne2 fxe3 18. Qxe3 e5 19. dxe5 Nxe5 20. Rxc8 Bxc8 21.
Qd4 Be6 22. Bb1 b6 23. b4 Nc4 24. Qd3 g6 25. g3 Ne5 26. Qe3 Bh3 27. Ng2 Nf3+
28. Kh1 Ne5 29. Nef4 Nc4 30. Qd4 Be5 31. Qxd5+ Qxd5 32. Nxd5 Nd2 33. Re1 Rxf2
34. Ndf4 Bxf4 35. Nxf4 Nf3 0-1

[Event "Liga Vasca 2009 - 1D"]
[Site "País Vasco ESP"]
[Date "2009.03.14"]
[Round "9.31"]
[White "Aguirre Canflanca, Josu"]
[Black "Zulaika Centeno, Ander"]
[Result "0-1"]
[WhiteElo "2165"]
[BlackElo "2052"]
[PlyCount "68"]
[EventDate "2009.01.10"]
[EventType "team"]
[EventRounds "9"]
[EventCountry "ESP"]
[Source "lmi"]
[SourceDate "2009.01.10"]
[WhiteTeam "España"]
[BlackTeam "España"]
[WhiteTeamCountry "ESP"]
[BlackTeamCountry "ESP"]

1. d4 d5 2. c4 c6 3. Nc3 Nf6 4. Nf3 e6 5. e3 Nbd7 6. Bd3 dxc4 7. Bxc4 b5 8. Bb3
b4 9. Ne2 Bb7 10. O-O Bd6 11. Nf4 O-O 12. Ng5 Bxf4 13. exf4 h6 14. Nf3 c5 15.
Ne5 Rc8 16. Re1 cxd4 17. Qxd4 Nxe5 18. Qxe5 Qc7 19. Qxc7 Rxc7 20. Bd2 a5 21.
Be3 Ra8 22. Ba4 Nd5 23. Bd4 Bc6 24. Bb3 Rd7 25. Bxd5 Bxd5 26. Bb6 Ra6 27. Be3
Rc6 28. a3 Rc2 29. axb4 axb4 30. Rab1 Ba2 31. Rbd1 Rxd1 32. Rxd1 Rxb2 33. Bd4
Rc2 34. Ba1 b3 0-1

[Event "Liga Vasca 2009 - 1D"]
[Site "País Vasco ESP"]
[Date "2009.03.14"]
[Round "9.32"]
[White "Ladron De Guevara, Francisco Javier"]
[Black "Corral Sierra, Javier"]
[Result "0-1"]
[WhiteElo "2084"]
[BlackElo "2092"]
[PlyCount "72"]
[EventDate "2009.01.10"]
[EventType "team"]
[EventRounds "9"]
[EventCountry "ESP"]
[Source "lmi"]
[SourceDate "2009.01.10"]
[WhiteTeam "España"]
[BlackTeam "España"]
[WhiteTeamCountry "ESP"]
[BlackTeamCountry "ESP"]

1. d4 Nf6 2. Nf3 e6 3. e3 b6 4. Bd3 Bb7 5. O-O Ne4 6. c4 f5 7. Nbd2 Bd6 8. Qc2
Nxd2 9. Bxd2 Bxf3 10. gxf3 Qg5+ 11. Kh1 Qh5 12. f4 Qf3+ 13. Kg1 g5 14. Qd1 Qh3
15. f3 gxf4 16. Qe2 Nc6 17. Qg2 Qxg2+ 18. Kxg2 fxe3 19. Bxe3 Rg8+ 20. Kh1 Kf7
21. d5 Ne7 22. dxe6+ dxe6 23. Rac1 Rad8 24. Rfd1 c5 25. Rd2 Ng6 26. Bf1 Bf4 27.
Bxf4 Nxf4 28. Rcd1 Ke7 29. h3 Rxd2 30. Rxd2 e5 31. Kh2 Rg6 32. a4 Rd6 33. Rc2
Rd1 34. Bg2 Ra1 35. b3 Rb1 36. a5 Rxb3 0-1

[Event "Liga Vasca 2009 - 1D"]
[Site "País Vasco ESP"]
[Date "2009.03.14"]
[Round "9.33"]
[White "Manso Marquez, Felix"]
[Black "Juez Villar, Erik"]
[Result "1-0"]
[WhiteElo "2083"]
[BlackElo "1968"]
[PlyCount "40"]
[EventDate "2009.01.10"]
[EventType "team"]
[EventRounds "9"]
[EventCountry "ESP"]
[Source "lmi"]
[SourceDate "2009.01.10"]
[WhiteTeam "España"]
[BlackTeam "España"]
[WhiteTeamCountry "ESP"]
[BlackTeamCountry "ESP"]

1. d4 Nf6 2. c4 c5 3. d5 e6 4. Nc3 exd5 5. cxd5 d6 6. e4 g6 7. f4 Bg7 8. Bb5+
Nfd7 9. Be2 O-O 10. Nf3 Na6 11. O-O Nc7 12. a4 f5 13. exf5 Rxf5 14. Bd3 Rf8 15.
f5 gxf5 16. Bg5 Bf6 17. Bh6 Ne5 18. Nxe5 Bxe5 19. Qh5 Rf7 20. Ne4 Nxd5 1-0

[Event "Liga Vasca 2009 - 1D"]
[Site "País Vasco ESP"]
[Date "2009.03.14"]
[Round "9.34"]
[White "Lauroba Elizaran, Fermin"]
[Black "Mendikute Fierro, Claudio"]
[Result "1-0"]
[WhiteElo "1932"]
[BlackElo "2057"]
[PlyCount "47"]
[EventDate "2009.01.10"]
[EventType "team"]
[EventRounds "9"]
[EventCountry "ESP"]
[Source "lmi"]
[SourceDate "2009.01.10"]
[WhiteTeam "España"]
[BlackTeam "España"]
[WhiteTeamCountry "ESP"]
[BlackTeamCountry "ESP"]

1. e4 e6 2. d4 d5 3. exd5 exd5 4. Bd3 Nc6 5. c3 Bd6 6. Ne2 Bg4 7. f3 Bh5 8. Bf4
Nge7 9. Qd2 Bg6 10. O-O O-O 11. Bxd6 Qxd6 12. Na3 Rfe8 13. Nc2 a5 14. a4 Bxd3
15. Qxd3 Ra6 16. b3 Rb6 17. Rab1 Ng6 18. f4 Re4 19. c4 Nb4 20. Nxb4 Rxb4 21.
Nc3 Rxf4 22. Nxd5 Rxd4 23. Qxd4 c6 24. Nf6+ 1-0

[Event "Liga Vasca 2009 - 1D"]
[Site "País Vasco ESP"]
[Date "2009.03.14"]
[Round "9.41"]
[White "Navarrete Delgado, Sergio"]
[Black "Flear, Glenn C"]
[Result "1-0"]
[WhiteElo "2217"]
[BlackElo "2478"]
[PlyCount "123"]
[EventDate "2009.01.10"]
[EventType "team"]
[EventRounds "9"]
[EventCountry "ESP"]
[Source "lmi"]
[SourceDate "2009.01.10"]
[WhiteTeam "España"]
[BlackTeam "España"]
[WhiteTeamCountry "ESP"]
[BlackTeamCountry "ESP"]

1. e4 e5 2. Nf3 Nc6 3. Bc4 Bc5 4. c3 Nf6 5. d4 exd4 6. cxd4 Bb4+ 7. Bd2 Nxe4 8.
Bxb4 Nxb4 9. Bxf7+ Kxf7 10. Qb3+ d5 11. Ne5+ Ke6 12. Qxb4 c5 13. Qb5 Qb6 14.
Na3 cxd4 15. Nf3 Bd7 16. Qxb6+ axb6 17. Nxd4+ Kf6 18. O-O Rhc8 19. Nac2 Ra5 20.
Ne3 Be6 21. Rfe1 Re8 22. f3 Nd6 23. b4 Ra4 24. Nxe6 Rxe6 25. Nxd5+ Kf7 26. Rec1
Nb5 27. Nc7 Nxc7 28. Rxc7+ Re7 29. Rxe7+ Kxe7 30. a3 Kf6 31. Kf2 b5 32. Ke3 b6
33. Kd4 Ke6 34. Kc3 Ra7 35. Kb3 Kd6 36. Rd1+ Kc6 37. Rd3 Re7 38. g3 Re2 39. h4
h5 40. Rc3+ Kb7 41. a4 Rg2 42. f4 bxa4+ 43. Kxa4 Ka6 44. Re3 g6 45. b5+ Kb7 46.
Rc3 Rd2 47. Kb4 Rg2 48. Kc4 Kc7 49. Kd5+ Kd7 50. Rb3 Rg1 51. Ra3 Rd1+ 52. Ke5
Ke7 53. Ra7+ Kf8 54. Kf6 Rd6+ 55. Kg5 Rd3 56. Kxg6 Rxg3+ 57. Kxh5 Rb3 58. Kg6
Rxb5 59. f5 Rb1 60. Ra8+ Ke7 61. f6+ Ke6 62. Re8+ 1-0

[Event "Liga Vasca 2009 - 1D"]
[Site "País Vasco ESP"]
[Date "2009.03.14"]
[Round "9.42"]
[White "Martin Alvarez, Iñigo"]
[Black "Jimenez Martin, Gustavo"]
[Result "0-1"]
[WhiteElo "2232"]
[BlackElo "2175"]
[PlyCount "88"]
[EventDate "2009.01.10"]
[EventType "team"]
[EventRounds "9"]
[EventCountry "ESP"]
[Source "lmi"]
[SourceDate "2009.01.10"]
[WhiteTeam "España"]
[BlackTeam "España"]
[WhiteTeamCountry "ESP"]
[BlackTeamCountry "ESP"]

1. e4 e5 2. Nf3 Nc6 3. Bb5 f5 4. Bxc6 dxc6 5. Nc3 fxe4 6. Nxe4 Bd6 7. d4 Bg4 8.
Bg5 Be7 9. O-O exd4 10. Re1 Qd5 11. Bxe7 Nxe7 12. Neg5 h6 13. Qe2 O-O-O 14.
Qxe7 hxg5 15. Ne5 Bh5 16. Qxg5 Rd6 17. g4 Be8 18. h4 Kb8 19. h5 Rdh6 20. c4 Qd6
21. c5 Qd5 22. Qxg7 Bxh5 23. gxh5 Rg8 24. Nd7+ Kc8 25. Re8+ Rxe8 26. Qxh6 Rg8+
27. Kf1 Qc4+ 28. Ke1 Rg1+ 29. Kd2 Rxa1 30. Qf8+ Kxd7 31. Qg7+ Ke8 32. Qe5+ Kf8
33. Qf6+ Qf7 34. Qd8+ Kg7 35. Qxd4+ Kh6 36. Qe3+ Kxh5 37. Qe5+ Kg6 38. Qe4+ Kf6
39. Qf4+ Ke6 40. Qg4+ Ke7 41. Qh4+ Kd7 42. Qh3+ Kd8 43. Qh8+ Qe8 44. Qh7 Qd7+
0-1

[Event "Liga Vasca 2009 - 1D"]
[Site "País Vasco ESP"]
[Date "2009.03.14"]
[Round "9.43"]
[White "Mombiela Martinez, Gonzalo"]
[Black "Galarza Cenzano, Iñigo"]
[Result "1/2-1/2"]
[WhiteElo "2081"]
[BlackElo "2036"]
[PlyCount "67"]
[EventDate "2009.01.10"]
[EventType "team"]
[EventRounds "9"]
[EventCountry "ESP"]
[Source "lmi"]
[SourceDate "2009.01.10"]
[WhiteTeam "España"]
[BlackTeam "España"]
[WhiteTeamCountry "ESP"]
[BlackTeamCountry "ESP"]

1. e4 c5 2. c3 d5 3. exd5 Qxd5 4. Nf3 Nc6 5. d4 e5 6. Nbd2 cxd4 7. Bc4 Qd8 8.
Qb3 Nh6 9. Ne4 Na5 10. Qb5+ Bd7 11. Qxe5+ Qe7 12. Nd6+ Kd8 13. Bxh6 Qxe5+ 14.
Nxe5 Bxd6 15. Nxf7+ Kc7 16. Nxd6 gxh6 17. Nb5+ Kb6 18. Na3 Rhe8+ 19. Kd2 Nxc4+
20. Nxc4+ Kc5 21. b3 dxc3+ 22. Kxc3 Re2 23. Rhd1 Bf5 24. Rd2 Rxd2 25. Kxd2 Rd8+
26. Ke1 Kb4 27. Rd1 Re8+ 28. Kd2 Bg6 29. h3 b5 30. Nd6 Re6 31. Kc1 Re2 32. Rd2
Re1+ 33. Rd1 Re2 34. Rd2 1/2-1/2

[Event "Liga Vasca 2009 - 1D"]
[Site "País Vasco ESP"]
[Date "2009.03.14"]
[Round "9.44"]
[White "Argandoña Riveiro, Jon"]
[Black "Monje Peinado, Roberto"]
[Result "1/2-1/2"]
[WhiteElo "1988"]
[BlackElo "2020"]
[PlyCount "86"]
[EventDate "2009.01.10"]
[EventType "team"]
[EventRounds "9"]
[EventCountry "ESP"]
[Source "lmi"]
[SourceDate "2009.01.10"]
[WhiteTeam "España"]
[BlackTeam "España"]
[WhiteTeamCountry "ESP"]
[BlackTeamCountry "ESP"]

1. e4 c5 2. Nf3 Nc6 3. Be2 g6 4. O-O Bg7 5. d3 d6 6. Nbd2 e6 7. a4 Nge7 8. Nc4
d5 9. Na3 O-O 10. c3 a6 11. Bf4 b6 12. Qd2 Na5 13. Bd1 Bb7 14. e5 Nac6 15. d4
cxd4 16. cxd4 f6 17. Nc2 fxe5 18. dxe5 Qc7 19. Re1 Rad8 20. Ncd4 Nxd4 21. Nxd4
Qd7 22. Bg5 Rde8 23. Qb4 Nc6 24. Qxb6 Nxe5 25. Be2 Nc6 26. Nxc6 Bxc6 27. Bg4 h6
28. Bd2 Kh8 29. Rac1 Bxa4 30. Bxe6 Qb5 31. Qxb5 Bxb5 32. Bb4 Rf4 33. Ba3 Bd4
34. Kh1 Bxf2 35. Re5 Re4 36. Rxe4 dxe4 37. Bf7 Rd8 38. Bxg6 e3 39. Be7 Rb8 40.
Bf6+ Kg8 41. Rc7 e2 42. Rg7+ Kf8 43. Rf7+ Kg8 1/2-1/2

[Event "Liga Vasca 2009 - 1D"]
[Site "País Vasco ESP"]
[Date "2009.03.14"]
[Round "9.51"]
[White "Gomez Calvo, Jose Ricardo"]
[Black "Nava Pereda, Carlos"]
[Result "0-1"]
[WhiteElo "1933"]
[BlackElo "2288"]
[PlyCount "48"]
[EventDate "2009.01.10"]
[EventType "team"]
[EventRounds "9"]
[EventCountry "ESP"]
[Source "lmi"]
[SourceDate "2009.01.10"]
[WhiteTeam "España"]
[BlackTeam "España"]
[WhiteTeamCountry "ESP"]
[BlackTeamCountry "ESP"]

1. d4 Nf6 2. g3 d5 3. Bg2 g6 4. Nf3 Bg7 5. O-O O-O 6. Nbd2 Nc6 7. c3 Bf5 8. Nh4
Bg4 9. h3 Be6 10. Nhf3 h6 11. b4 a6 12. Nb3 Ne4 13. Nc5 Nxc3 14. Nxe6 fxe6 15.
Qd3 Ne4 16. Rb1 g5 17. e3 Qe8 18. a4 Nd6 19. Nd2 Qf7 20. Ba3 b5 21. Qc3 Nc4 22.
Rbc1 e5 23. dxe5 N6xe5 24. e4 d4 0-1

[Event "Liga Vasca 2009 - 1D"]
[Site "País Vasco ESP"]
[Date "2009.03.14"]
[Round "9.52"]
[White "Trigo Urquijo, Sergio"]
[Black "Fernandez de Pinedo, Jose Angel"]
[Result "1-0"]
[WhiteElo "2203"]
[BlackElo "1966"]
[PlyCount "47"]
[EventDate "2009.01.10"]
[EventType "team"]
[EventRounds "9"]
[EventCountry "ESP"]
[Source "lmi"]
[SourceDate "2009.01.10"]
[WhiteTeam "España"]
[BlackTeam "España"]
[WhiteTeamCountry "ESP"]
[BlackTeamCountry "ESP"]

1. e4 c5 2. Nc3 d6 3. g3 Nc6 4. Bg2 g6 5. d3 Bg7 6. f4 e6 7. Nf3 Nge7 8. Be3
O-O 9. O-O Nd4 10. e5 Nef5 11. Bf2 Nxf3+ 12. Qxf3 Nd4 13. Qd1 dxe5 14. fxe5
Bxe5 15. Ne4 f5 16. Nxc5 Qc7 17. b4 Rb8 18. c3 Nb5 19. d4 Rd8 20. Qe2 Bxd4 21.
cxd4 Nxd4 22. Bxd4 Rxd4 23. Nxe6 Bxe6 24. Qxe6+ 1-0

[Event "Liga Vasca 2009 - 1D"]
[Site "País Vasco ESP"]
[Date "2009.03.14"]
[Round "9.53"]
[White "Arce Balluerca, Oscar"]
[Black "Wu Martin, Eneko"]
[Result "0-1"]
[WhiteElo "2037"]
[BlackElo "2058"]
[PlyCount "74"]
[EventDate "2009.01.10"]
[EventType "team"]
[EventRounds "9"]
[EventCountry "ESP"]
[Source "lmi"]
[SourceDate "2009.01.10"]
[WhiteTeam "España"]
[BlackTeam "España"]
[WhiteTeamCountry "ESP"]
[BlackTeamCountry "ESP"]

1. e4 e5 2. Nc3 Nf6 3. f4 d6 4. Nf3 Bg4 5. fxe5 dxe5 6. Bc4 Bxf3 7. Qxf3 Qd4 8.
d3 Bb4 9. Bd2 c6 10. Qe3 a5 11. a4 Qd6 12. Qg3 O-O 13. O-O Nbd7 14. Rf5 Bxc3
15. bxc3 Nxe4 16. dxe4 Qxd2 17. Raf1 Kh8 18. Rxf7 Rxf7 19. Rxf7 Qd1+ 20. Bf1
Rg8 21. h3 Qd6 22. Qd3 Qxd3 23. cxd3 Rd8 24. d4 b6 25. d5 cxd5 26. exd5 Kg8 27.
Rf2 Nc5 28. Bb5 Rd6 29. Re2 e4 30. c4 Kf7 31. Kf2 Kf6 32. Ke3 Ke5 33. Rb2 Nd3
34. Rd2 Rg6 35. Be8 Rg3+ 36. Ke2 Rxg2+ 37. Kd1 Nb2+ 0-1

[Event "Liga Vasca 2009 - DH"]
[Site "Pais Vasco ESP"]
[Date "2009.01.10"]
[Round "1.11"]
[White "Iruzubieta Villaluenga, Jesus Maria"]
[Black "Fernandez Hernandez, Gerardo"]
[Result "1/2-1/2"]
[WhiteElo "2423"]
[BlackElo "2154"]
[PlyCount "125"]
[EventDate "2009.01.10"]
[EventType "team"]
[EventRounds "9"]
[EventCountry "ESP"]
[Source "lmi"]
[SourceDate "2009.01.10"]
[WhiteTeam "España"]
[BlackTeam "España"]
[WhiteTeamCountry "ESP"]
[BlackTeamCountry "ESP"]

1. Nf3 d6 2. e4 g6 3. d4 Bg7 4. Nc3 Nf6 5. h3 O-O 6. Be3 a6 7. a4 b6 8. Bd3 Bb7
9. O-O Nbd7 10. Qd2 e5 11. Rae1 c6 12. dxe5 dxe5 13. Nb1 Qe7 14. Qc3 Rac8 15.
Nbd2 b5 16. Qa3 Qxa3 17. bxa3 Rfe8 18. Rb1 Bf8 19. c4 Bxa3 20. axb5 cxb5 21.
cxb5 axb5 22. Bxb5 Bc6 23. Ba6 Rb8 24. Bc4 Bxe4 25. Bxf7+ Kxf7 26. Ng5+ Kg7 27.
Ngxe4 Nxe4 28. Nxe4 Nf6 29. Nd2 Bd6 30. Nc4 Bc7 31. Bg5 Kf7 32. Rfd1 Rxb1 33.
Rxb1 Rb8 34. Ra1 Rb7 35. g3 Nd7 36. Kg2 Nc5 37. Be3 Nd7 38. Ra6 Nb8 39. Rd6 Rb5
40. Rd1 Ke6 41. g4 Nd7 42. Nd2 Bd6 43. Ne4 Be7 44. Ra1 Rb7 45. Ra8 Nb8 46. Bg5
Bb4 47. h4 Bd6 48. Kg3 Bb4 49. Be3 Be7 50. Bc5 Kd5 51. Bxe7 Kxe4 52. Bg5 Nc6
53. Re8 Rb3+ 54. Kg2 Kd5 55. Rh8 Rb7 56. Kg3 Ke6 57. h5 gxh5 58. gxh5 Ne7 59.
Rf8 Nd5 60. Kg4 Rb4+ 61. Kg3 Rb7 62. Rh8 Nf6 63. Bxf6 1/2-1/2